| 000 | 00847nam a22001817a 4500 | ||
|---|---|---|---|
| 003 | IT-RoPau | ||
| 005 | 20220918181105.0 | ||
| 008 | 130507b xxu||||| |||| 00| 0 eng d | ||
| 040 | _cIT-RoPau | ||
| 100 |
_aCentro di spiritualità paolina _9518 |
||
| 245 |
_a"Camminiamo anche noi in novità di vita" _b(Rom. VI,4). |
||
| 250 | _a1° ed | ||
| 260 |
_aAriccia (Roma) _bCentro di spiritualità paolina - Casa Divino Maestro _c1977 |
||
| 300 |
_a24 pp. _c22 cm |
||
| 490 |
_a"Camminiamo anche noi in novità di vita" _vn° 26 - Marzo 1977 |
||
| 520 | _aSommario - Ci interroghiamo sull' apostolato. - San Paolo e la coscienza della missione. - "Io sono la Via". - Linea portante del carisma delle Suore Apostoline. - Breve intervista a Fr. Vincenzo Tommasini. - Dialogo nella Famiglia Paolina. - Ci prepariamo alla Pasqua. | ||
| 942 |
_2ddc _cCR |
||
| 999 |
_c98493 _d98493 |
||